| 000 | 00814nas a2200265 a 4500 | ||
|---|---|---|---|
| 001 | 35067 | ||
| 003 | BD-RjUL | ||
| 005 | 20211209052244.0 | ||
| 008 | 140520c1993 ja ar s f0 0eng d | ||
| 035 | _a(BD-RjUL)35161 | ||
| 040 |
_aLC _beng _cLC _dLC _dBD-RjUL |
||
| 041 | _aeng | ||
| 082 | 0 | 4 |
_a915.20202 _bSTA 1993 |
| 245 | 0 | 0 |
_aStatistical handbook of Japan / _cJapan. Sōrifu. Tōkeikyoku. |
| 260 |
_aTokyo : _bStatistics Bureau, Management and Coordination Agency [etc.], _c1993. |
||
| 300 |
_ax, 160 p. : _bill. (part col.) ; _c19 cm. |
||
| 651 | 0 |
_aJapan _vStatistics _vPeriodicals. _9106779 |
|
| 710 | 1 |
_aJapan. _bSomucho. _9106780 |
|
| 710 | 1 |
_aJapan. _bSorifu. _bTokeikyoku. _9106781 |
|
| 942 |
_2ddc _cBK |
||
| 999 |
_c35067 _d35067 |
||